Guess the Movie by a Character #2 - Statistics

General Stats
  • This quiz has been taken 62 times
  • The average score is 4 of 15
Answer Stats
Character Movie % Correct
Simba The Lion King
98%
Pennywise It
89%
Joker | Harvey Dent The Dark Knight
70%
Arthur Fleck | Murray Franklin Joker
40%
Kim Ki-taek | Park Dong-ik Parasite
40%
Mia Wallace Pulp Fiction
39%
Jenny Curran Forrest Gump
19%
William Somerset | John Doe Seven
18%
Komaram Bheem RRR
9%
Marta Cabrera | Harlan Thrombey Knives Out
5%
R.J. MacReady The Thing
5%
Joseph Cooper | Mann Interstellar
2%
Keller Dover | Alex Jones Prisoners
2%
Hogarth Hughes | Kent Mansley The Iron Giant
2%
Chris Washington Get Out
0%
No matching quizzes found
Score Distribution
Percent of People with Each Score
Percentile by Number Answered
Your Score History
You have not taken this quiz